00811nam a2200277Ia 4500008004100000020001500041050000800056050001500064100002400079245004300103245005300146260002400199260002400223260000900247300001600256300003500272300001100307500006300318650001500381650001800396650002000414650001600434650001600450700003400466700003300500170203s9999 xx 000 0 und d a1581806647 a746 b.C916 2004 aJanes, Susan Niner. aCreative crafts you can do in a day /  cSusan Niner Janes, Mary Jo McGraw, Dorothy Wood. aCincinnati, Ohio :  bNorth Light Books,  c2004 a496 pages : b illustrations (some color) ;  c29 cm. aFour books in one. "Over 75 step-by-step projects"--Cover. a Beadwork. a Ribbon work. aGreeting cards. aHandicraft. aPaper work. aMcGraw, MaryJo, 1961- author. aWood, Dorothy, 1955- author.